[Event "SC Rochade Rüttenscheid 1 - SC Listiger"]
[Site "Verbandsklasse - Gr. 2 2019/2"]
[Date "2019.09.22"]
[Round "1.4"]
[White "Storp, Thomas"]
[Black "Ball, Joerg"]
[Result "1/2-1/2"]
[WhiteElo "1832"]
[BlackElo "1909"]
[PlyCount "107"]
[EventDate "2019.??.??"]

1. e4 g6 2. d4 Bg7 3. c4 d6 4. Nf3 Nc6 5. Be2 e5 6. dxe5 Nxe5 7. O-O Ne7 8.
Nbd2 O-O 9. Nxe5 dxe5 10. Nf3 Nc6 11. Bg5 f6 12. Be3 Be6 13. b3 Qe7 14. Qc1
Rfd8 15. Rd1 Rxd1+ 16. Bxd1 Rd8 17. c5 Bf8 18. Qc3 Qd7 19. Be2 Nd4 20. Kf1 Nxe2
21. Kxe2 Qc6 22. Nd2 Qb5+ 23. Ke1 c6 24. a4 Qd3 25. Rc1 Kf7 26. Qxd3 Rxd3 27.
Ke2 Rd7 28. b4 a6 29. f3 Be7 30. Rb1 Ke8 31. b5 axb5 32. axb5 cxb5 33. Rxb5 Bd8
34. h3 Rc7 35. Rb6 Kd7 36. Kd3 Be7 37. Rb5 Kc8 38. Nc4 Rd7+ 39. Kc3 Bxc4 40.
Kxc4 Rd1 41. Rb2 Kc7 42. Kb5 Rd3 43. Bd2 Ra3 44. Ba5+ Kc8 45. Bb4 Ra6 46. Kc4
Kd7 47. Kd5 Rc6 48. Ra2 h5 49. Ra8 h4 50. Ra5 Bd8 51. Rb5 Kc8 52. Ba5 Be7 53.
Bb6 Kd7 54. Ra5 1/2-1/2

[Event "SC Rochade Rüttenscheid 1 - SC Listiger"]
[Site "Verbandsklasse - Gr. 2 2019/2"]
[Date "2019.09.22"]
[Round "1.5"]
[White "Breuer, Leon"]
[Black "Furchtbar, Uwe"]
[Result "1/2-1/2"]
[WhiteElo "1837"]
[BlackElo "1825"]
[PlyCount "57"]
[EventDate "2019.??.??"]

1. e4 e6 2. d4 d5 3. Nd2 c5 4. c3 Nc6 5. Ne2 a6 6. g3 cxd4 7. cxd4 Nf6 8. Bg2
Bb4 9. e5 Ne4 10. O-O Nxd2 11. Bxd2 Bd7 12. Bxb4 Nxb4 13. Qb3 a5 14. a3 Nc6 15.
Qd3 a4 16. f4 g6 17. f5 gxf5 18. Nf4 Qb6 19. Rad1 Nxe5 20. Qe3 Nc4 21. Qe2 Qxb2
22. Qh5 Ne3 23. Rf2 Nxd1 24. Rxb2 Nxb2 25. Qe2 Nc4 26. Nxd5 Rc8 27. Nf6+ Ke7
28. Nd5+ Ke8 29. Nf6+ 1/2-1/2

[Event "SC Rochade Rüttenscheid 1 - SC Listiger"]
[Site "Verbandsklasse - Gr. 2 2019/2"]
[Date "2019.09.22"]
[Round "1.6"]
[White "Bruckmann, Jochen"]
[Black "Gunkel, Christian"]
[Result "0-1"]
[WhiteElo "1796"]
[BlackElo "1907"]
[PlyCount "116"]
[EventDate "2019.??.??"]

1. e4 e6 2. Nf3 d5 3. exd5 exd5 4. d4 Bd6 5. Be3 Ne7 6. Bd3 O-O 7. Nc3 c6 8.
Ng5 f5 9. Qh5 h6 10. Nf3 f4 11. Bd2 Nd7 12. O-O-O Nf6 13. Qh4 Qc7 14. Rde1 Nf5
15. Bxf5 Bxf5 16. Ne5 b5 17. Qxf4 Bh7 18. Qg3 b4 19. Nd1 c5 20. dxc5 Qxc5 21.
c3 bxc3 22. Qxc3 Rac8 23. Qxc5 Rxc5+ 24. Nc3 d4 25. f4 dxc3 26. Bxc3 Bxe5 27.
Rxe5 Rxe5 28. Bxe5 Ne4 29. Re1 Rc8+ 30. Kd1 Nf2+ 31. Kd2 Nd3 32. Re2 Nxe5 33.
fxe5 Rc2+ 34. Ke3 Rxe2+ 35. Kxe2 Kf7 36. Ke3 Ke6 37. Kd4 g5 38. a4 Bg6 39. b4
Be8 40. b5 Bd7 41. g3 Bc8 42. a5 Bb7 43. h4 g4 44. Kc5 Kxe5 45. a6 Be4 46. b6
axb6+ 47. Kxb6 Kd4 48. Kc7 Ke3 49. Kd6 Kf3 50. Ke5 Ba8 51. Kf5 Kxg3 52. h5 Kh4
53. Kg6 g3 54. Kxh6 g2 55. Kh7 Kxh5 56. a7 g1=Q 57. Kh8 Qxa7 58. Kg8 Kg6 0-1

[Event "SC Rochade Rüttenscheid 1 - SC Listiger"]
[Site "Verbandsklasse - Gr. 2 2019/2"]
[Date "2019.09.22"]
[Round "1.7"]
[White "Wagner, Ole"]
[Black "Kiparski, Manuel"]
[Result "1-0"]
[WhiteElo "1889"]
[BlackElo "1770"]
[PlyCount "67"]
[EventDate "2019.??.??"]

1. Nf3 d5 2. e3 Nf6 3. b3 Bg4 4. Bb2 Nbd7 5. h3 Bh5 6. c4 e6 7. Nc3 c6 8. Be2
Bd6 9. d4 O-O 10. O-O Qe7 11. cxd5 exd5 12. Nh4 Bxe2 13. Qxe2 g6 14. Nf3 Rfe8
15. Rac1 Rad8 16. Rfd1 Ne4 17. Nxe4 Qxe4 18. Nd2 Qe7 19. Qf3 f5 20. Re1 Nf6 21.
Bc3 Ne4 22. Qd1 Qh4 23. Nxe4 Rxe4 24. f4 Rde8 25. Bd2 g5 26. fxg5 Bg3 27. Rf1
Qxg5 28. Qf3 Rf8 29. b4 a6 30. a4 Bd6 31. Rce1 f4 32. exf4 Bxf4 33. Rxe4 dxe4
34. Bxf4 1-0

[Event "SC Rochade Rüttenscheid 1 - SC Listiger"]
[Site "Verbandsklasse - Gr. 2 2019/2"]
[Date "2019.09.22"]
[Round "1.8"]
[White "Luecking, Joerg"]
[Black "Schettki, Martin"]
[Result "1-0"]
[WhiteElo "1727"]
[BlackElo "1859"]
[PlyCount "47"]
[EventDate "2019.??.??"]

1. e4 g6 2. d4 Nf6 3. Nc3 d5 4. e5 Ne4 5. Bd3 Nxc3 6. bxc3 c5 7. Nf3 Nc6 8. O-O
Qa5 9. Bd2 c4 10. Be2 Qa4 11. Nh4 h6 12. f4 Bd7 13. f5 g5 14. e6 fxe6 15. Bh5+
Kd8 16. Ng6 Rg8 17. fxe6 Bg7 18. exd7 Bf6 19. Rf5 Qa5 20. Kh1 Bg7 21. Qf3 e6
22. Rf7 Bxd4 23. cxd4 Qxd2 24. Qf6+ 1-0

[Event "SK Sodingen/Castrop 3 - SC Mülheim 1"]
[Site "Verbandsklasse - Gr. 2 2019/2"]
[Date "2019.09.22"]
[Round "1.1"]
[White "Viebahn, Dirk"]
[Black "Balke, Reiner"]
[Result "1-0"]
[WhiteElo "2124"]
[BlackElo "1892"]
[PlyCount "123"]
[EventDate "2019.??.??"]

1. e4 c5 2. Nf3 d6 3. Bb5+ Bd7 4. Bxd7+ Qxd7 5. O-O e5 6. c3 Nf6 7. d4 Nc6 8.
Re1 Be7 9. Na3 Qc7 10. Bg5 a6 11. Nc4 Rd8 12. Ne3 Rd7 13. Nf5 Kf8 14. Qd2 h6
15. Bh4 Bd8 16. Rad1 g5 17. Bg3 Be7 18. h4 g4 19. Nh2 h5 20. Qe3 cxd4 21. cxd4
exd4 22. Qa3 Ne5 23. Rxd4 Qc5 24. Qe3 Nc6 25. Rc1 Nxd4 26. Rxc5 dxc5 27. Nxe7
Kxe7 28. Be5 Ne6 29. Nf1 Rhd8 30. Ng3 Rd1+ 31. Kh2 Nd7 32. Nf5+ Ke8 33. Bg3
Ndf8 34. e5 R8d3 35. Nd6+ Ke7 36. Qe4 b5 37. Qb7+ Nd7 38. Qc8 Nd8 39. Nf5+ Ke8
40. Ng7+ Ke7 41. Nf5+ Ke8 42. Qxa6 Rb1 43. Qxb5 Rd2 44. Nd6+ Ke7 45. Nc4 Rdd1
46. Bf4 Ne6 47. Be3 Nd4 48. Bxd4 Rxd4 49. a4 Rc1 50. b3 Rc2 51. a5 Rxf2 52. a6
Ra2 53. Qb7 g3+ 54. Kxg3 Rg4+ 55. Kh3 Ra1 56. g3 Rg1 57. Qf3 Ra1 58. Qb7 Rg1
59. a7 R1xg3+ 60. Kh2 Rc3 61. a8=Q Rc2+ 62. Kh3 1-0

[Event "SK Sodingen/Castrop 3 - SC Mülheim 1"]
[Site "Verbandsklasse - Gr. 2 2019/2"]
[Date "2019.09.22"]
[Round "1.2"]
[White "Kowalczyk, Frank"]
[Black "Langschmidt, Dirk"]
[Result "0-1"]
[WhiteElo "1754"]
[BlackElo "2013"]
[PlyCount "48"]
[EventDate "2019.??.??"]

1. e4 c5 2. Nf3 d6 3. d4 cxd4 4. Nxd4 Nf6 5. Nc3 a6 6. Bg5 e6 7. Qd2 b5 8. Bd3
Bb7 9. f3 Be7 10. h4 Nbd7 11. O-O-O Rc8 12. Kb1 O-O 13. g4 Ne5 14. Nce2 d5 15.
Ng3 Bc5 16. Be2 dxe4 17. Nxe4 Nxe4 18. fxe4 Qb6 19. Bf4 Ng6 20. Nb3 Bxe4 21.
Bd3 Bxh1 22. Rxh1 Qc6 23. Rh2 Nxf4 24. Qxf4 Bd6 0-1

[Event "SK Sodingen/Castrop 3 - SC Mülheim 1"]
[Site "Verbandsklasse - Gr. 2 2019/2"]
[Date "2019.09.22"]
[Round "1.3"]
[White "Achenbach, Manfred"]
[Black "Mueller-Kreth, Kai"]
[Result "1-0"]
[WhiteElo "1888"]
[BlackElo "1744"]
[Annotator "Daniel"]
[PlyCount "61"]
[EventDate "2019.??.??"]

1. c4 Nf6 2. Nf3 c5 3. g3 Nc6 4. Bg2 g6 5. e3 Bg7 6. d4 cxd4 7. exd4 e6 8. O-O
d5 9. b3 O-O 10. Nc3 Ne4 11. Bb2 f5 12. Rc1 g5 13. Nxe4 fxe4 14. Ne5 Rf5 15.
Bh3 Rf8 16. Ba3 $11 Nxe5 17. dxe5 Rf3 18. cxd5 Rd3 19. Qg4 Rxd5 20. Rxc8 Rxc8
21. Qxe6+ Kh8 22. Qxc8 Bxe5 23. Qxb7 Bd4 24. Bg2 Bb6 25. Bxe4 Rd7 26. Qa8 Qxa8
27. Bxa8 Rd2 28. Bc1 Rxa2 29. Bxg5 Kg7 30. Bd5 Ra5 31. Rd1 1-0

[Event "SK Sodingen/Castrop 3 - SC Mülheim 1"]
[Site "Verbandsklasse - Gr. 2 2019/2"]
[Date "2019.09.22"]
[Round "1.4"]
[White "Cobanoglu, Ferhat"]
[Black "Riese, Manfred"]
[Result "1-0"]
[WhiteElo "1743"]
[BlackElo "1863"]
[PlyCount "115"]
[EventDate "2019.??.??"]

1. e4 d6 2. Nf3 Nf6 3. d3 Bg4 4. Be2 c6 5. Nbd2 g6 6. h3 Bxf3 7. Nxf3 Bg7 8. c3
Nbd7 9. Be3 O-O 10. Qd2 Re8 11. O-O Qc7 12. Rad1 c5 13. Qc2 e5 14. Nd2 Rac8 15.
Bf3 Nf8 16. g3 Ne6 17. Bg2 Qd7 18. Qb3 b5 19. a4 Rb8 20. axb5 Rxb5 21. Qa2 Reb8
22. Nc4 Ne8 23. f4 Bh6 24. Rf2 R8b7 25. f5 Bxe3 26. Nxe3 Nd8 27. Nd5 Kg7 28.
Rdf1 g5 29. Qa1 f6 30. Qc1 Nc7 31. Ne3 Nf7 32. h4 h6 33. Qd1 Rxb2 34. Qh5 Rxf2
35. Rxf2 Kf8 36. Qg6 Qe7 37. Ng4 Ne8 38. Bf1 gxh4 39. gxh4 a5 40. Rg2 Nh8 41.
Qh5 Qh7 42. Ra2 Ra7 43. Qxe8+ Kxe8 44. Nxf6+ Kf7 45. Nxh7 Kg7 46. Ng5 hxg5 47.
hxg5 Nf7 48. g6 Ng5 49. Kf2 Kf6 50. Ke3 d5 51. exd5 Kxf5 52. g7 Rxg7 53. Rxa5
Rc7 54. Ra6 Rd7 55. Bg2 Kg4 56. Rg6 Ra7 57. Rc6 Kg3 58. Be4 1-0

[Event "SK Sodingen/Castrop 3 - SC Mülheim 1"]
[Site "Verbandsklasse - Gr. 2 2019/2"]
[Date "2019.09.22"]
[Round "1.6"]
[White "Behnicke, Eckhard"]
[Black "Riek, Wolfgang"]
[Result "1/2-1/2"]
[WhiteElo "1688"]
[BlackElo "1753"]
[PlyCount "35"]
[EventDate "2019.??.??"]

1. b4 d5 2. Bb2 Bf5 3. Nf3 Nd7 4. e3 Ngf6 5. Be2 e6 6. a3 Bd6 7. d4 O-O 8. Nbd2
c6 9. c4 Re8 10. Ne5 Ne4 11. g4 Bg6 12. h4 h6 13. Nxg6 fxg6 14. Nxe4 dxe4 15.
Qc2 Rf8 16. Qxe4 Qf6 17. Kd2 Rae8 18. f4 1/2-1/2

[Event "SK Sodingen/Castrop 3 - SC Mülheim 1"]
[Site "Verbandsklasse - Gr. 2 2019/2"]
[Date "2019.09.22"]
[Round "1.7"]
[White "Wisotzky, Klaus"]
[Black "Schaefer, Michael"]
[Result "1/2-1/2"]
[WhiteElo "1675"]
[BlackElo "1655"]
[PlyCount "46"]
[EventDate "2019.??.??"]

1. d4 Nf6 2. Nf3 d5 3. g3 c6 4. Bg2 Bg4 5. Nbd2 Nbd7 6. O-O Qc7 7. c4 e5 8.
dxe5 Nxe5 9. cxd5 cxd5 10. Nxe5 Qxe5 11. Nf3 Qc7 12. Qb3 Be7 13. Be3 b6 14.
Rfc1 Qd8 15. Qd1 O-O 16. Ne5 Be6 17. Nc6 Qd7 18. Nxe7+ Qxe7 19. Bg5 h6 20. Bxf6
Qxf6 21. Qd2 Rfd8 22. e3 Rab8 23. Qd4 Qxd4 1/2-1/2

[Event "SK Sodingen/Castrop 3 - SC Mülheim 1"]
[Site "Verbandsklasse - Gr. 2 2019/2"]
[Date "2019.09.22"]
[Round "1.8"]
[White "Zygan, Michael"]
[Black "Achenbach, Volker"]
[Result "0-1"]
[WhiteElo "1709"]
[BlackElo "2240"]
[PlyCount "42"]
[EventDate "2019.??.??"]

1. d4 Nf6 2. c4 g6 3. Nc3 d5 4. cxd5 Nxd5 5. e4 Nxc3 6. bxc3 c5 7. Nf3 Bg7 8.
Rb1 O-O 9. Be2 f5 10. exf5 Bxf5 11. Rxb7 Be4 12. Qb3+ Kh8 13. Ng5 Bxg2 14. Rg1
Bxb7 15. Qxb7 Nd7 16. Bg4 Nf6 17. Ne6 Qd6 18. Bf4 Rab8 19. Qxa7 Rb1+ 20. Ke2
Rb2+ 21. Kf1 Nxg4 0-1

[Event "SG Höntrop 1 - SC Gerthe - Werne 1"]
[Site "Verbandsklasse - Gr. 3 2019/2"]
[Date "2019.09.22"]
[Round "1.1"]
[White "Quast, Marcel"]
[Black "Oberbarnscheidt, Ludger"]
[Result "1-0"]
[WhiteElo "2229"]
[BlackElo "1968"]
[PlyCount "39"]
[EventDate "2019.??.??"]

1. e4 e6 2. d4 b6 3. Bd3 Bb7 4. Nf3 Nf6 5. Qe2 Be7 6. O-O c5 7. c3 Nc6 8. a3
Na5 9. Nbd2 c4 10. Bc2 Qc7 11. Re1 O-O-O 12. Ne5 Bd6 13. Nxf7 Bxh2+ 14. Kh1 Bf4
15. Nxh8 Rxh8 16. e5 Bxd2 17. Bxd2 Qc6 18. Rg1 Nb3 19. Bxb3 Ne4 20. Bc2 1-0

[Event "SG Höntrop 1 - SC Gerthe - Werne 1"]
[Site "Verbandsklasse - Gr. 3 2019/2"]
[Date "2019.09.22"]
[Round "1.2"]
[White "Rostek, Joerg"]
[Black "Brueggestraß, Volker"]
[Result "1/2-1/2"]
[WhiteElo "1902"]
[BlackElo "1994"]
[PlyCount "28"]
[EventDate "2019.??.??"]

1. Nf3 Nf6 2. c4 g6 3. Nc3 Bg7 4. e4 c5 5. d4 cxd4 6. Nxd4 d6 7. Be2 Nc6 8. Be3
O-O 9. O-O Bd7 10. Rc1 Rc8 11. h3 a6 12. Qd2 Nxd4 13. Bxd4 Bc6 14. Bf3 Nd7
1/2-1/2

[Event "SG Höntrop 1 - SC Gerthe - Werne 1"]
[Site "Verbandsklasse - Gr. 3 2019/2"]
[Date "2019.09.22"]
[Round "1.3"]
[White "Gottmann, Bernd"]
[Black "Peters, Michael"]
[Result "1-0"]
[WhiteElo "1953"]
[BlackElo "1965"]
[Annotator "Daniel"]
[PlyCount "71"]
[EventDate "2019.??.??"]

1. d4 d5 2. c4 e6 3. Nc3 Nf6 4. cxd5 exd5 5. Bg5 Be7 6. e3 c6 7. Bd3 O-O 8. Qc2
Nbd7 9. Nf3 Re8 10. O-O Nf8 11. Rab1 Ne4 12. Bxe4 Bxg5 13. Bd3 h5 14. Ne5 Bh6
15. b4 Nd7 16. Nxd7 Bxd7 17. Bf5 h4 18. h3 Bxf5 19. Qxf5 Re6 20. b5 Rf6 21. Qd3
Qe7 22. bxc6 bxc6 23. Rb2 g5 24. Rfb1 g4 25. hxg4 Qe6 26. Qe2 Rg6 27. Rb8+ Rxb8
28. Rxb8+ Kg7 29. Rb7 Rxg4 30. Qf3 Rg6 $11 31. Rxa7 h3 32. g3 Rf6 33. Qe2 h2+
34. Kxh2 Bxe3 35. Qxe3 Rh6+ 36. Kg1 1-0

[Event "SG Höntrop 1 - SC Gerthe - Werne 1"]
[Site "Verbandsklasse - Gr. 3 2019/2"]
[Date "2019.09.22"]
[Round "1.4"]
[White "Geistmeier, Frank"]
[Black "Berens, Thomas"]
[Result "1/2-1/2"]
[WhiteElo "1766"]
[BlackElo "1814"]
[PlyCount "82"]
[EventDate "2019.??.??"]

1. d4 Nf6 2. Nf3 g6 3. c3 Bg7 4. Nbd2 O-O 5. e4 d6 6. h3 b6 7. Bd3 Bb7 8. O-O
c5 9. d5 a6 10. c4 Ne8 11. Rb1 Nc7 12. b3 e5 13. Nh2 Nd7 14. Ndf3 b5 15. Be3
Qe7 16. Qd2 b4 17. Bh6 f6 18. Bxg7 Qxg7 19. Qe3 a5 20. Nd2 Rae8 21. Ng4 h5 22.
Nh2 Kh7 23. Qg3 Qh6 24. f4 Bc8 25. Rbd1 Nb6 26. fxe5 fxe5 27. Ndf3 Bd7 28. Ng5+
Kg8 29. h4 Qg7 30. Rf3 Nc8 31. Rdf1 Rxf3 32. Rxf3 Rf8 33. Qf2 Rxf3 34. Qxf3 Qf8
35. Qg3 Qf6 36. Nhf3 Ne7 37. Be2 Kg7 38. Nh2 Kh6 39. Qe3 Kg7 40. Qg3 Kh6 41.
Qe3 Kg7 1/2-1/2

[Event "SG Höntrop 1 - SC Gerthe - Werne 1"]
[Site "Verbandsklasse - Gr. 3 2019/2"]
[Date "2019.09.22"]
[Round "1.5"]
[White "Kalle, Yannis"]
[Black "Koch, Burkhard"]
[Result "0-1"]
[WhiteElo "1811"]
[BlackElo "1713"]
[PlyCount "64"]
[EventDate "2019.??.??"]

1. e4 e6 2. d4 d5 3. Nc3 Bb4 4. e5 c5 5. a3 Bxc3+ 6. bxc3 Ne7 7. f4 Nbc6 8. Nf3
Qa5 9. Bd2 Qc7 10. Bd3 c4 11. Be2 Bd7 12. O-O O-O-O 13. a4 Kb8 14. Bc1 Nc8 15.
Ba3 N6e7 16. Qb1 h6 17. Qb2 Ka8 18. Rfb1 Bc6 19. a5 g5 20. Bc5 Rdg8 21. Qa3 Nf5
22. Nd2 gxf4 23. Rb6 a6 24. Rab1 Nxb6 25. axb6 Qd7 26. Nb3 Nh4 27. Bf1 Nxg2 28.
Kh1 Ne3 29. Na5 f3 30. Nxc6 Qxc6 31. Qxa6+ bxa6 32. b7+ Qxb7 0-1

[Event "SG Höntrop 1 - SC Gerthe - Werne 1"]
[Site "Verbandsklasse - Gr. 3 2019/2"]
[Date "2019.09.22"]
[Round "1.6"]
[White "Remshagen, Peter"]
[Black "Melmer, Felix"]
[Result "1/2-1/2"]
[WhiteElo "1608"]
[BlackElo "1813"]
[Annotator "Daniel"]
[PlyCount "86"]
[EventDate "2019.??.??"]

1. c4 c5 2. Nc3 Nc6 3. g3 g6 4. Bg2 Bg7 5. Nf3 Nf6 6. O-O O-O 7. d3 d5 8. cxd5
Nxd5 9. Bd2 Nb6 10. Rb1 c4 11. dxc4 Nxc4 12. e4 Bg4 13. Bc1 N4e5 14. Qxd8 Raxd8
15. Nxe5 Bxe5 16. h3 Be6 17. Bh6 Rfe8 18. a3 Bb3 19. Rbc1 e6 20. Rfe1 a6 21.
Bf1 Nd4 22. Kg2 Nc2 23. Re2 Nd4 24. Ree1 $11 b5 25. h4 Rc8 26. Bd3 Red8 27. Be3
Nf3 28. Kxf3 Rxd3 29. Ne2 Rcd8 30. Nc3 a5 31. Nxb5 Bxb2 32. Rb1 Be5 33. Na7 Ba4
34. Kg2 Rxa3 35. Nb5 Ra2 36. Rbc1 Bxb5 37. Rc5 Bxg3 38. Kxg3 Be8 39. Rec1 Kg7
40. e5 a4 41. Bg5 Ra8 42. Rc8 Rxc8 43. Rxc8 Kf8 1/2-1/2

[Event "SG Höntrop 1 - SC Gerthe - Werne 1"]
[Site "Verbandsklasse - Gr. 3 2019/2"]
[Date "2019.09.22"]
[Round "1.7"]
[White "Loeffelbein, Klaus"]
[Black "Jedner, Volker"]
[Result "0-1"]
[WhiteElo "1823"]
[BlackElo "1760"]
[PlyCount "66"]
[EventDate "2019.??.??"]

1. d4 d5 2. c4 c6 3. Nf3 e6 4. Nc3 dxc4 5. a4 Bb4 6. e3 b5 7. Bd2 Qb6 8. axb5
cxb5 9. b3 Bxc3 10. Bxc3 b4 11. Ne5 bxc3 12. Nxc4 Qc7 13. Qf3 Nc6 14. Bd3 Rb8
15. Be4 Bd7 16. Ra6 Nge7 17. O-O O-O 18. Ra3 f5 19. Bc2 Nd5 20. Rc1 Rf6 21. g3
Ncb4 22. Qe2 Bb5 23. Bd3 Nxd3 24. Qxd3 Rc8 25. Qc2 Bxc4 26. bxc4 Qxc4 27. Rxa7
Rf7 28. Ra4 Nb4 29. Qb1 Rb7 30. Qa1 c2 31. Qa3 Qc3 32. Kf1 Qxa3 33. Rxa3 Nd3
0-1

[Event "SG Höntrop 1 - SC Gerthe - Werne 1"]
[Site "Verbandsklasse - Gr. 3 2019/2"]
[Date "2019.09.22"]
[Round "1.8"]
[White "Tolksdorf, Juergen"]
[Black "Meise, Ulrich"]
[Result "0-1"]
[WhiteElo "1622"]
[BlackElo "1820"]
[PlyCount "72"]
[EventDate "2019.??.??"]

1. e4 e5 2. Nf3 Nf6 3. Nc3 Nc6 4. Bc4 Be7 5. d4 exd4 6. Nxd4 Nxd4 7. Qxd4 d6 8.
Bf4 O-O 9. O-O-O Ng4 10. Nd5 Bg5 11. Bxg5 Qxg5+ 12. f4 Qd8 13. h3 Nf6 14. g4
Nxd5 15. Bxd5 Qe7 16. g5 Re8 17. Rde1 Be6 18. Bxb7 c5 19. Qd2 Qxb7 20. f5 Bd7
21. Qxd6 Rxe4 22. g6 Rxe1+ 23. Rxe1 Bxf5 24. gxf7+ Qxf7 25. Qc6 Rd8 26. b3 h6
27. h4 Qd7 28. Qxd7 Rxd7 29. Re5 g6 30. Rxc5 Kf7 31. c4 Kf6 32. Rc6+ Be6 33. b4
Rd4 34. Kb2 Rxc4 35. Rxc4 Bxc4 36. a4 Ke5 0-1

[Event "DJK Wacker Bergeborbeck 1 - SV Rot-Weiß"]
[Site "Verbandsklasse - Gr. 3 2019/2"]
[Date "2019.09.22"]
[Round "1.1"]
[White "Praß, Marian"]
[Black "Landscheidt, Heinz"]
[Result "0-1"]
[WhiteElo "2018"]
[BlackElo "1824"]
[PlyCount "142"]
[EventDate "2019.??.??"]

1. e4 e5 2. Nf3 Nc6 3. Bc4 Bc5 4. b4 Bb6 5. O-O d6 6. c3 Nf6 7. d3 O-O 8. h3 h6
9. Re1 Be6 10. Nbd2 Bxc4 11. Nxc4 Ne7 12. a4 c6 13. Nxb6 Qxb6 14. a5 Qc7 15. c4
Ng6 16. Nh2 d5 17. Qf3 dxe4 18. dxe4 Qe7 19. c5 a6 20. Nf1 Rad8 21. Bb2 Nf4 22.
Ra3 Qe6 23. Bc1 Qc4 24. Bxf4 exf4 25. Rb3 Rfe8 26. e5 Qd5 27. Nh2 Rxe5 28. Rxe5
Qxe5 29. Rd3 Qe1+ 30. Nf1 Rxd3 31. Qxd3 Qxb4 32. Qd8+ Kh7 33. Qe7 Qxa5 34. g4
Qb4 35. Nh2 Qb1+ 36. Nf1 a5 37. Qxf7 a4 38. h4 Nxg4 39. Qxf4 Nf6 40. Qxa4 Qe4
41. Qb3 Qxh4 42. Qb1+ Kh8 43. Ng3 Qg5 44. Qxb7 Qxc5 45. Qb8+ Kh7 46. Qb1+ Kh8
47. Qb8+ Ng8 48. Qc8 Qd5 49. Nf5 Kh7 50. Qf8 Qe5 51. Ne3 Nf6 52. Qc8 c5 53. Qb7
h5 54. Qb1+ g6 55. Qb7+ Kh6 56. Qc8 Ng4 57. Qf8+ Kh7 58. Nf1 Qf5 59. Qe7+ Kh6
60. Qe2 Qf4 61. Qb2 Qd4 62. Qc1+ Kg7 63. Qe1 c4 64. Qe7+ Kh6 65. Qf8+ Kg5 66.
Ng3 Qxf2+ 67. Qxf2 Nxf2 68. Kxf2 Kf4 69. Ne2+ Ke4 70. Kg3 g5 71. Nc3+ Kd3 0-1

[Event "DJK Wacker Bergeborbeck 1 - SV Rot-Weiß"]
[Site "Verbandsklasse - Gr. 3 2019/2"]
[Date "2019.09.22"]
[Round "1.2"]
[White "Grodotzki, Thomas"]
[Black "Rohloff, Markus"]
[Result "1-0"]
[WhiteElo "1955"]
[BlackElo "1885"]
[PlyCount "80"]
[EventDate "2019.??.??"]

1. c4 Nf6 2. Nc3 g6 3. Nf3 Bg7 4. g3 O-O 5. Bg2 c6 6. O-O d6 7. d3 e5 8. Rb1
Nbd7 9. e4 Ne8 10. b4 Nc7 11. b5 c5 12. Nd5 Nxd5 13. cxd5 h6 14. Nd2 f5 15. a4
f4 16. Nc4 Nb6 17. Nd2 g5 18. a5 Nd7 19. Nc4 Nf6 20. gxf4 gxf4 21. f3 Kh7 22.
Bd2 Rg8 23. Be1 Nh5 24. Rb2 Bf8 25. Kh1 Qg5 26. Rg1 Ng3+ 27. Bxg3 fxg3 28. Bf1
Qh5 29. Rbg2 Be7 30. Rxg3 Rxg3 31. Rxg3 Bd7 32. Be2 Rf8 33. f4 Qe8 34. Bh5 Qd8
35. Bg6+ Kg7 36. Bf5+ Kh8 37. Qg4 Rf7 38. Bxd7 Bh4 39. Be6 Bxg3 40. Bxf7 Bxf4
1-0

[Event "DJK Wacker Bergeborbeck 1 - SV Rot-Weiß"]
[Site "Verbandsklasse - Gr. 3 2019/2"]
[Date "2019.09.22"]
[Round "1.3"]
[White "Birdaini, Becir"]
[Black "Mombeck, Michael"]
[Result "1-0"]
[WhiteElo "2000"]
[BlackElo "1980"]
[PlyCount "143"]
[EventDate "2019.??.??"]

1. e4 c5 2. Nf3 d6 3. Nc3 Nf6 4. Bb5+ Bd7 5. Bxd7+ Qxd7 6. O-O Nc6 7. Re1 e6 8.
h3 Be7 9. d3 O-O 10. b3 a6 11. Bb2 e5 12. Ne2 b5 13. a4 b4 14. Ng3 g6 15. Bc1
Kh8 16. Nd2 Na5 17. Nc4 Nxc4 18. dxc4 Ne8 19. Bh6 Ng7 20. Qd3 Qe6 21. Rad1 Rad8
22. Qf3 f6 23. Bxg7+ Kxg7 24. Qg4 Qxg4 25. hxg4 Kf7 26. Rd3 Ke6 27. Nf1 Rh8 28.
Rh3 h6 29. Ne3 Rh7 30. g3 Rdh8 31. Kg2 Bf8 32. Reh1 Rf7 33. f4 Kd7 34. Rf1 Rhh7
35. Rfh1 Rh8 36. Kf3 Rhh7 37. Ke2 Rh8 38. Nd5 Rg8 39. R3h2 f5 40. fxe5 dxe5 41.
g5 hxg5 42. Rh8 Rxh8 43. Rxh8 g4 44. Rg8 f4 45. Kf2 Bd6 46. Rxg6 fxg3+ 47. Kxg3
Rf1 48. Kg2 Rd1 49. Ne3 Rd2+ 50. Kf1 a5 51. Rxg4 Bf8 52. Ke1 Rh2 53. Rg2 Rh4
54. Ng4 Ke6 55. Kd2 Be7 56. Nf2 Bf6 57. Ke3 Rh8 58. Nd3 Rc8 59. Rh2 Be7 60.
Rh6+ Bf6 61. Rh7 Rc6 62. Ra7 Bd8 63. Ra8 Bc7 64. Re8+ Kf6 65. Kf3 Bd6 66. Ra8
Bc7 67. Kg4 Kf7 68. Ra7 Kf6 69. Kh5 Ke6 70. Ra6 Kd7 71. Rxc6 Kxc6 72. Kg6 1-0

[Event "DJK Wacker Bergeborbeck 1 - SV Rot-Weiß"]
[Site "Verbandsklasse - Gr. 3 2019/2"]
[Date "2019.09.22"]
[Round "1.4"]
[White "Brandhorst, Dieter"]
[Black "Kordonowski, Frank"]
[Result "0-1"]
[WhiteElo "1908"]
[BlackElo "1959"]
[PlyCount "104"]
[EventDate "2019.??.??"]

1. e4 e5 2. Nf3 d6 3. d4 exd4 4. Nxd4 Nf6 5. Nc3 Be7 6. Bb5+ c6 7. Be2 O-O 8.
O-O Re8 9. Re1 h6 10. Bf4 Bf8 11. Bf3 Na6 12. h3 Nc5 13. Qd2 Ne6 14. Nxe6 Bxe6
15. Rad1 Qb6 16. Na4 Qa6 17. b3 b5 18. Nc3 b4 19. Na4 d5 20. e5 Nd7 21. Be2 Qb7
22. Bd3 c5 23. Re3 g5 24. Rg3 Be7 25. h4 g4 26. Bxh6 Nxe5 27. Bg5 f6 28. Bf4
Bd6 29. Be2 Kf7 30. f3 Rh8 31. fxg4 Rxh4 32. g5 Nc4 33. g6+ Kg7 34. bxc4 Bxf4
35. Qd3 dxc4 36. Qf3 Qxf3 37. Rxf3 Bc7 38. Nb2 Rah8 39. Kf2 c3 40. Nc4 Kxg6 41.
Ne3 Be5 42. Bd3+ Kf7 43. Bf5 Bd4 44. Bxe6+ Kxe6 45. Ke2 Re4 46. Kd3 Rxe3+ 47.
Rxe3+ Bxe3 48. Kxe3 Rh5 49. Rd8 Re5+ 50. Kf3 Rd5 51. Rc8 Rd2 52. Rxc5 Rxc2 0-1

[Event "DJK Wacker Bergeborbeck 1 - SV Rot-Weiß"]
[Site "Verbandsklasse - Gr. 3 2019/2"]
[Date "2019.09.22"]
[Round "1.5"]
[White "Cavasin, Joerg"]
[Black "Alinsug, Salvadore"]
[Result "1/2-1/2"]
[WhiteElo "1913"]
[BlackElo "1714"]
[Annotator "Daniel"]
[PlyCount "68"]
[EventDate "2019.??.??"]

1. c4 Nf6 2. Nf3 Nc6 3. d4 d5 4. Nc3 e6 5. Bg5 Be7 6. e3 O-O 7. Rc1 dxc4 8.
Bxc4 h6 9. Bh4 Nd5 10. Bg3 Nxc3 11. bxc3 Na5 12. Bd3 Bd7 13. O-O c5 14. Ne5 Be8
15. Qc2 Rc8 16. Qb2 b6 17. Rfd1 c4 18. Bb1 f5 19. Qe2 Ba3 20. Rc2 Qf6 21. Rcd2
Ba4 22. Re1 Be8 23. Qd1 b5 24. d5 exd5 25. Rxd5 Qe6 26. Re2 Nb7 27. Red2 Be7
28. Qc2 Rc5 $11 29. Qd1 Rxd5 30. Rxd5 Nc5 31. Qd4 Na4 32. Nd7 Bxd7 33. Rxd7 Bf6
34. Qxa7 Bxc3 1/2-1/2

[Event "DJK Wacker Bergeborbeck 1 - SV Rot-Weiß"]
[Site "Verbandsklasse - Gr. 3 2019/2"]
[Date "2019.09.22"]
[Round "1.6"]
[White "Grimke, Michael"]
[Black "Metzner, Carsten"]
[Result "0-1"]
[WhiteElo "1708"]
[BlackElo "1771"]
[PlyCount "88"]
[EventDate "2019.??.??"]

1. d4 d5 2. e4 dxe4 3. Nc3 e5 4. Nxe4 Qxd4 5. Bd3 Nc6 6. Nf3 Qd8 7. c3 h6 8.
Ng3 Nf6 9. O-O Bd6 10. Qc2 O-O 11. b4 Ne7 12. Re1 Ned5 13. a3 Re8 14. Bd2 Bg4
15. c4 Nf4 16. Bf5 Bxf3 17. gxf3 g6 18. Be4 Nxe4 19. fxe4 Qh4 20. f3 Rad8 21.
Be3 Qh3 22. Rf1 Be7 23. Bxf4 exf4 24. Ne2 g5 25. Rf2 a5 26. Qc3 Rd7 27. Rg2 Bd6
28. Rf1 Be5 29. Qc1 Kh7 30. Nc3 Red8 31. Nd1 Rd3 32. Nf2 Bd4 33. Kh1 Bxf2 34.
Rgxf2 axb4 35. axb4 Qd7 36. e5 Re3 37. Qa1 Qd4 38. Qb1+ Kg7 39. c5 Rxe5 40. Rg2
Qd3 41. Qa1 f6 42. Rgf2 Re2 43. Qa7 Rxf2 44. Rxf2 Qb1+ 0-1

[Event "DJK Wacker Bergeborbeck 1 - SV Rot-Weiß"]
[Site "Verbandsklasse - Gr. 3 2019/2"]
[Date "2019.09.22"]
[Round "1.7"]
[White "Avgustin, Thomas"]
[Black "Hoenisch, Florian"]
[Result "1/2-1/2"]
[WhiteElo "1717"]
[BlackElo "1425"]
[PlyCount "38"]
[EventDate "2019.??.??"]

1. e4 c5 2. Nf3 d6 3. d4 Qc7 4. Nc3 e6 5. Bb5+ Bd7 6. Qe2 a6 7. Bxd7+ Nxd7 8.
Be3 Ngf6 9. d5 exd5 10. Nxd5 Nxd5 11. exd5 Be7 12. O-O O-O 13. a4 Nf6 14. Qc4
Qd7 15. Rad1 b5 16. axb5 axb5 17. Qb3 Ra4 18. c3 Rfa8 19. Bg5 h6 1/2-1/2